[Event "Wroclaw Anderssen Memorial op-B"]
[Site "Wroclaw"]
[Date "2023.??.??"]
[Round "1"]
[White "Khyzhniak, Dmytro"]
[Black "Masalski, Pawel"]
[Result "0-1"]
[WhiteElo "1187"]
[BlackElo "1619"]
[PlyCount "97"]
[EventDate "2023.08.06"]
[EventType "swiss"]
[EventRounds "9"]
[EventCountry "POL"]
[SourceTitle "EXT 2024"]
[Source "ChessBase"]
[SourceDate "2023.10.10"]
[SourceVersion "1"]
[SourceVersionDate "2023.10.10"]
[SourceQuality "1"]

1. e4 c5 2. Nf3 d6 3. c3 Nf6 4. e5 dxe5 5. Nxe5 Nbd7 6. Bb5 e6 7. 0-0 a6 8. Nxd7 Bxd7 9. Bxd7+ Qxd7 10. d4 Rd8 11. Be3 Be7 12. Nd2 Nd5 13. Qg4 g5 14. Qh5 Nf4 15. Bxf4 gxf4 16. Qe5 Rg8 17. Nf3 Qd5 18. Qxf4 cxd4 19. cxd4 Bd6 20. Qe3 Ke7 21. Rfe1 Rg4 22. h3 Rf4 23. Qb3 Qxb3 24. axb3 Bc7 25. Ra4 Rd7 26. d5 Rxd5 27. Rc4 Bd6 28. Kf1 Rd3 29. Re3 Rxe3 30. fxe3 Rf5 31. Ke2 Rb5 32. Nd2 Be5 33. Rc2 f5 34. Kf3 Rb4 35. Rc4 Rxc4 36. Nxc4 Bf6 37. Kf4 Kd7 38. Ne5+ Kd6 39. Nf7+ Kd5 40. Ng5 h6 41. Nf7 h5 42. Ng5 Be5+ 43. Kf3 Bxb2 44. e4+ fxe4+ 45. Nxe4 a5 46. Ng3 h4 47. Ne2 e5 48. Kg4 b5 49. Kf3 0-1

[Event "Wroclaw Anderssen Memorial op-B"]
[Site "Wroclaw"]
[Date "2023.??.??"]
[Round "4"]
[White "Masalski, Pawel"]
[Black "Misiek, Stanislaw"]
[Result "1/2-1/2"]
[WhiteElo "1619"]
[BlackElo "1817"]
[PlyCount "82"]
[EventDate "2023.08.06"]
[EventType "swiss"]
[EventRounds "9"]
[EventCountry "POL"]
[SourceTitle "EXT 2024"]
[Source "ChessBase"]
[SourceDate "2023.10.10"]
[SourceVersion "1"]
[SourceVersionDate "2023.10.10"]
[SourceQuality "1"]

1. e4 e5 2. Nf3 Nc6 3. Bc4 Nf6 4. d3 Bc5 5. Nc3 d6 6. a4 h6 7. 0-0 Bg4 8. h3 Bh5 9. Nd5 Nd4 10. g4 Nxd5 11. Bxd5 c6 12. Nxd4 Bxd4 13. Bxc6+ bxc6 14. gxh5 0-0 15. c3 Bb6 16. a5 Bxa5 17. Qg4 Kh8 18. Kh1 f5 19. exf5 Bb6 20. f4 Rf6 21. Bd2 Qd7 22. fxe5 dxe5 23. Rf3 Raf8 24. Raf1 Qd5 25. c4 Qd6 26. Bc3 Bd4 27. Bxd4 Qxd4 28. Qxd4 exd4 29. Kg2 Rb8 30. R1f2 c5 31. Kg3 Rfb6 32. Kf4 Re8 33. Rg3 Re1 34. Rfg2 Rb7 35. Rg6 Re3 36. R6g3 Re1 37. Rf2 a5 38. Rg6 Re3 39. Rg3 Re1 40. Rg6 Re3 41. Rf3 Rxf3+ 1/2-1/2

[Event "Wroclaw Anderssen Memorial op-B"]
[Site "Wroclaw"]
[Date "2023.??.??"]
[Round "3"]
[White "Sypien, Natan"]
[Black "Masalski, Pawel"]
[Result "0-1"]
[WhiteElo "1800"]
[BlackElo "1619"]
[PlyCount "134"]
[EventDate "2023.08.06"]
[EventType "swiss"]
[EventRounds "9"]
[EventCountry "POL"]
[SourceTitle "EXT 2024"]
[Source "ChessBase"]
[SourceDate "2023.10.10"]
[SourceVersion "1"]
[SourceVersionDate "2023.10.10"]
[SourceQuality "1"]

1. e4 c5 2. Nf3 d6 3. d4 cxd4 4. Nxd4 Nf6 5. Nc3 g6 6. Be3 Bg7 7. f3 0-0 8. Qd2 Nc6 9. 0-0-0 d5 10. exd5 Nxd5 11. Nxc6 bxc6 12. Bd4 Bxd4 13. Qxd4 Qb6 14. Na4 Qc7 15. Bc4 Rd8 16. Nc5 Bf5 17. Bb3 Nb6 18. Qc3 Nd5 19. Qd4 Nb6 20. Na6 Qb7 21. Qxd8+ Rxd8 22. Rxd8+ Kg7 23. Nc5 Qc7 24. Rd2 h5 25. Re1 Qxh2 26. Red1 Qe5 27. Na4 c5 28. Nxb6 axb6 29. c3 h4 30. Bc2 Be6 31. Kb1 g5 32. Be4 g4 33. Rh1 h3 34. gxh3 gxh3 35. Rhh2 Qg3 36. b3 f5 37. Bc6 Kf6 38. Kb2 f4 39. a4 Bf5 40. Ka3 Qe1 41. c4 Qa1+ 42. Ra2 Qc1+ 43. Rab2 Kg5 44. Rhe2 Kh4 45. Bd5 e5 46. Ka2 Qc3 47. Rbd2 Kg3 48. Bc6 Bd3 49. Rf2 Qc1 50. Rb2 Bf1 51. Rfc2 Qe3 52. Rd2 Bg2 53. Rd8 Kh2 54. Rdd2 Qc3 55. Rdc2 Qd3 56. Rc1 Kg3 57. Rcc2 Bxf3 58. Bxf3 Qxf3 59. b4 Qc6 60. b5 Qa8 61. Kb3 f3 62. Ra2 e4 63. a5 bxa5 64. Ka4 e3 65. b6 f2 66. Rc1 h2 67. Kb5 h1Q 0-1

[Event "Rubinstein Memorial-D 54th"]
[Site "Polanica Zdroj"]
[Date "2018.08.20"]
[Round "3"]
[White "Masalski, Pawel"]
[Black "Bednarczyk, Mateusz"]
[Result "1/2-1/2"]
[WhiteElo "1093"]
[BlackElo "1451"]
[PlyCount "65"]
[EventDate "2018.08.18"]
[EventType "swiss"]
[EventRounds "9"]
[EventCountry "POL"]
[SourceTitle "EXT 2020"]
[Source "ChessBase"]
[SourceDate "2019.10.17"]
[SourceVersion "1"]
[SourceVersionDate "2019.10.17"]
[SourceQuality "1"]

1. d4 Nf6 2. c4 g6 3. Nf3 Bg7 4. e3 0-0 5. Nc3 d6 6. Be2 Nbd7 7. 0-0 e5 8. dxe5 Nxe5 9. Nxe5 dxe5 10. e4 Be6 11. Bg5 Qd4 12. Rc1 c6 13. b3 h6 14. Be3 Qd7 15. Qd2 Qxd2 16. Bxd2 Rfd8 17. Rcd1 Bf8 18. f3 Kg7 19. Be3 Bb4 20. Rxd8 Rxd8 21. Rc1 a6 22. Rd1 Rxd1+ 23. Nxd1 Ne8 24. Bb6 f5 25. exf5 Bxf5 26. Ne3 Bb1 27. a4 Nd6 28. Bd1 Nf5 29. Bc2 Nxe3 30. Bxb1 Nf5 31. Bf2 Kf6 32. Kf1 Nd6 33. Bc2 1/2-1/2